000 00847nam0a22002291 4500
001 v19\rc\2009959
005 20250620001605.0
035 _a(NLR Aleph) 005091896
090 _a7305733
_c7305733
100 _a20080925d1901 |||y0rusy50 ca
101 0 _arus
102 _aRU
105 _ay z |||||
200 1 _aМиросозерцание
_e[На день 25-летнего юбилея пед. деятельности Е.С. г-жи Стойковой 1-го окт.1901 г.]
_fСоч. А.Н. Иерусалимского
210 _aНовохоперск
_cтипо-лит. И.Д. Денисова
_d1901
215 _a32 с.
700 1 _aИерусалимский
_bА.Н.
_gАлексей Николаевич
801 0 _aRU
_bNLR
_gpsbo
801 1 _aRU
_bProSoft-M
_2rusmarc
852 _aNLR
_j18.334.3.399
942 _cBOOK
980 _aNB